[Event "NK21_Hoogeveen Open"]
[Site "Hoogeveen, Netherlands"]
[Date "2021.10.17"]
[Round "3.7"]
[White "Klaren, Oscar"]
[Black "Shakhverdian, William"]
[Result "0-1"]
[TimeControl "NK21_Hoogeveen Open"]
[WhiteElo "1819"]
[BlackElo "2067"]

1. e4 {[%clk 01:30:58]} {[%emt 00:00:01]} e5 {[%clk 01:29:21]} {[%emt
00:01:40]} 2. Nf3 {[%clk 01:31:20]} {[%emt 00:00:07]} Nc6 {[%clk 01:29:40]}
{[%emt 00:00:11]} 3. Nc3 {[%clk 01:31:39]} {[%emt 00:00:11]} Nf6 {[%clk
01:29:06]} {[%emt 00:01:03]} 4. d4 {[%clk 01:31:59]} {[%emt 00:00:11]} exd4
{[%clk 01:29:14]} {[%emt 00:00:22]} 5. Nxd4 {[%clk 01:32:16]} {[%emt 00:00:13]}
Bb4 {[%clk 01:29:01]} {[%emt 00:00:43]} 6. Nxc6 {[%clk 01:32:38]} {[%emt
00:00:08]} bxc6 {[%clk 01:29:08]} {[%emt 00:00:23]} 7. Bd3 {[%clk 01:33:01]}
{[%emt 00:00:08]} d5 {[%clk 01:29:17]} {[%emt 00:00:21]} 8. exd5 {[%clk
01:33:22]} {[%emt 00:00:09]} O-O {[%clk 01:29:39]} {[%emt 00:00:08]} 9. O-O
{[%clk 01:33:47]} {[%emt 00:00:05]} cxd5 {[%clk 01:30:01]} {[%emt 00:00:08]} 10.
h3 {[%clk 01:33:45]} {[%emt 00:00:33]} Rb8 {[%clk 01:26:30]} {[%emt 00:04:02]}
11. Qf3 {[%clk 01:29:48]} {[%emt 00:04:27]} c6 {[%clk 01:24:51]} {[%emt
00:02:09]} 12. Bf4 {[%clk 01:29:34]} {[%emt 00:00:44]} Bd6 {[%clk 01:23:55]}
{[%emt 00:01:26]} 13. b3 {[%clk 01:29:03]} {[%emt 00:01:01]} Be6 {[%clk
01:21:30]} {[%emt 00:02:54]} 14. Bxd6 {[%clk 01:18:39]} {[%emt 00:10:55]} Qxd6
{[%clk 01:21:53]} {[%emt 00:00:07]} 15. Qg3 {[%clk 01:18:52]} {[%emt 00:00:17]}
Qxg3 {[%clk 01:18:07]} {[%emt 00:04:16]} 16. fxg3 {[%clk 01:19:14]} {[%emt
00:00:07]} c5 {[%clk 01:18:24]} {[%emt 00:00:13]} 17. Rae1 {[%clk 01:05:27]}
{[%emt 00:14:16]} Rfc8 {[%clk 01:12:57]} {[%emt 00:05:57]} 18. Na4 {[%clk
00:58:31]} {[%emt 00:07:27]} Rc6 {[%clk 00:56:56]} {[%emt 00:16:31]} 19. g4
{[%clk 00:45:52]} {[%emt 00:13:10]} h6 {[%clk 00:53:43]} {[%emt 00:03:42]} 20.
Re2 {[%clk 00:37:31]} {[%emt 00:08:51]} c4 {[%clk 00:43:17]} {[%emt 00:10:56]}
21. Bf5 {[%clk 00:37:47]} {[%emt 00:00:14]} d4 {[%clk 00:35:27]} {[%emt
00:08:20]} 22. Bxe6 {[%clk 00:31:09]} {[%emt 00:07:08]} fxe6 {[%clk 00:35:27]}
{[%emt 00:00:29]} 23. Nb2 {[%clk 00:30:54]} {[%emt 00:00:46]} d3 {[%clk
00:32:22]} {[%emt 00:03:35]} 24. cxd3 {[%clk 00:27:28]} {[%emt 00:03:56]} cxb3
{[%clk 00:32:32]} {[%emt 00:00:20]} 25. axb3 {[%clk 00:25:18]} {[%emt
00:02:41]} Rxb3 {[%clk 00:32:11]} {[%emt 00:00:50]} 26. Ra1 {[%clk 00:18:21]}
{[%emt 00:07:28]} a6 {[%clk 00:31:36]} {[%emt 00:01:05]} 27. Nc4 {[%clk
00:18:31]} {[%emt 00:00:20]} Rc3 {[%clk 00:30:00]} {[%emt 00:02:04]} 28. Rea2
{[%clk 00:18:19]} {[%emt 00:00:42]} Rc5 {[%clk 00:23:04]} {[%emt 00:07:25]} 29.
Ra5 {[%clk 00:12:20]} {[%emt 00:06:30]} Nd7 {[%clk 00:20:06]} {[%emt 00:03:28]}
30. Rxa6 {[%clk 00:10:01]} {[%emt 00:02:50]} Rxd3 {[%clk 00:20:14]} {[%emt
00:00:21]} 31. Nd6 {[%clk 00:08:47]} {[%emt 00:01:44]} Rc2 {[%clk 00:16:23]}
{[%emt 00:04:21]} 32. Ne4 {[%clk 00:07:30]} {[%emt 00:01:47]} Re3 {[%clk
00:06:32]} {[%emt 00:10:20]} 33. Nf2 {[%clk 00:06:08]} {[%emt 00:01:53]} Ree2
{[%clk 00:06:48]} {[%emt 00:00:14]} 34. Rf1 {[%clk 00:06:32]} {[%emt 00:00:07]}
Nf6 {[%clk 00:05:13]} {[%emt 00:02:04]} 35. Ra3 {[%clk 00:05:58]} {[%emt
00:01:04]} Ne4 {[%clk 00:04:51]} {[%emt 00:00:52]} 36. Ra8+ {[%clk 00:05:32]}
{[%emt 00:00:56]} Kh7 {[%clk 00:04:36]} {[%emt 00:00:46]} 37. Rf8 {[%clk
00:05:56]} {[%emt 00:00:06]} Nf6 {[%clk 00:04:16]} {[%emt 00:00:49]} 38. g3
{[%clk 00:06:12]} {[%emt 00:00:14]} e5 {[%clk 00:04:20]} {[%emt 00:00:26]} 39.
h4 {[%clk 00:05:59]} {[%emt 00:00:44]} Kg6 {[%clk 00:02:51]} {[%emt 00:01:58]}
40. g5 {[%clk 00:04:10]} {[%emt 00:02:19]} hxg5 {[%clk 00:02:56]} {[%emt
00:00:25]} 41. hxg5 {[%clk 00:04:35]} {[%emt 00:00:05]} Ne4 {[%clk 00:02:09]}
{[%emt 00:01:18]} 42. Kg2 {[%clk 00:04:16]} {[%emt 00:00:49]} Kxg5 {[%emt
00:03:13]} 0-1